000 00842nam a22002657a 4500
005 20251108172425.0
008 250721s2000 xx 000 0 ara d
082 1 4 _aم/701.09/فياا
100 1 _aفياض، محمد
245 1 0 _aالجمال والتجميل في مصر القديمة /
264 1 _aالقاهرة :
_bنهضة مصر للطباعة والنشر والتوزيع،
_c2000.
300 _a144ص.
650 1 7 _aالفن القديم
650 1 7 _aالفن المصري
650 1 7 _aفن ما قبل التاريخ
650 1 7 _aالفنونالجميلة
650 1 7 _aالعمارة
650 1 7 _aالطب
650 1 7 _aالجمال
650 1 7 _aعلم الجمال
650 1 7 _aالطب الشعبي
700 1 _aأديب، سمير
_eمؤلف مشارك
942 _2ddc
_cREF
999 _c78943
_d78943